| 000 | 00515aam a2200205 4500 | ||
|---|---|---|---|
| 005 | 20160920162624.0 | ||
| 008 | 150618b xxu||||| |||| 00| 0 spa d | ||
| 041 | _aEspañol | ||
| 082 | _a395 G156c | ||
| 100 |
_aGalindo de Fernández, Rosario _921547 |
||
| 245 | _aCómo te ven te tratan: imagen y etiqueta para damas | ||
| 260 | _aMéxico | ||
| 260 | _bPanorama | ||
| 260 | _c1999 | ||
| 300 | _a118 páginas | ||
| 650 |
_aETIQUETA _92786 |
||
| 650 |
_aVINOS _910613 |
||
| 650 |
_aTRAJES _921548 |
||
| 942 | _cBK | ||
| 999 |
_c891 _d891 |
||